HIGHER EDUCATION IN INDIA IN SEARCH OF E (Record no. 27604)

MARC details
000 -LEADER
fixed length control field 00364nam a2200133Ia 4500
008 - FIXED-LENGTH DATA ELEMENTS--GENERAL INFORMATION
fixed length control field 240624s9999 xx 000 0 und d
041 ## - LANGUAGE CODE
Language code of text/sound track or separate title eng
082 ## - DEWEY DECIMAL CLASSIFICATION NUMBER
Classification number 378.54 DEV
100 ## - MAIN ENTRY--PERSONAL NAME
Personal name TILAK JANDHYALA B G
245 ## - TITLE STATEMENT
Title HIGHER EDUCATION IN INDIA IN SEARCH OF E
260 ## - PUBLICATION, DISTRIBUTION, ETC.
Date of publication, distribution, etc. 2014
Place of publication, distribution, etc. New Delhi
Name of publisher, distributor, etc. Orient BlackSwan
300 ## - PHYSICAL DESCRIPTION
Extent xiv, : 538 : p. : cm. ; 24
365 ## - TRADE PRICE
Currency code RS
Price amount 31
Holdings
Withdrawn status Lost status Damaged status Not for loan Home library Current library Shelving location Date acquired Source of acquisition Cost, normal purchase price Full call number Barcode Date last seen Copy number Price effective from Koha item type
        IMTN IMTN Rack 16-B 05/03/2016 AP 745.00 378.54 DEV 27604 06/24/2024 1 06/24/2024 Books
Designed & Maintained by: LRC IMT Nagpur Contact: lrc@imtnag.ac.in© 2024. All Rights Reserved.